Вып. 2; Школа изобразительного искусства

Dades bibliogràfiques
Parent link:Школа изобразительного искусства: в 10 вып.. вып. 2.— 3-е изд., испр. и доп..— , 1986-.— 5-85200-003-5
Altres autors: Угаров Б. С. (редактор)
Idioma:rus
Publicat: 1988
Matèries:
Format: MixedMaterials Llibre
KOHA link:https://koha.lib.tpu.ru/cgi-bin/koha/opac-detail.pl?biblionumber=263412

MARC

LEADER 00000nam2a2200000 4500
001 263412
005 20231101233733.0
010 |a 5852000019 
035 |a (RuTPU)RU\TPU\book\286397 
090 |a 263412 
100 |a 20140609d1988 m y0rusy50 ca 
101 0 |a rus 
102 |a RU 
105 |a a z 001zy 
200 0 |a Вып. 2  |f под ред. Б. С. Угарова 
210 |d 1988 
215 |a 160 с.  |c ил. 
320 |a Библиогр.: с. 154-155. 
461 1 |0 (RuTPU)RU\TPU\book\78836  |y 5-85200-003-5  |t Школа изобразительного искусства  |o в 10 вып.  |v вып. 2  |e 3-е изд., испр. и доп.  |d 1986- 
606 1 |a Искусство  |2 stltpush  |3 (RuTPU)RU\TPU\subj\13187  |9 39838 
610 1 |a художественное творчество 
610 1 |a геометрические тела 
610 1 |a изображение 
610 1 |a рисунок 
610 1 |a живопись 
610 1 |a натюрморт 
675 |a 7(075.3)  |v 3 
702 1 |a Угаров  |b Б. С.  |4 340 
801 1 |a RU  |b 63413507  |c 20140609 
801 2 |a RU  |b 63413507  |c 20150304  |g RCR 
942 |c BK